000 00602nam a2200229 i 4500
001 bgj
100 1 _aWELLS, H. G.
_d(1866-1946).
245 1 0 _aThe War of the Worlds and The Time Machine /
_cH. G. Wells.
260 _aGarden City, NY :
_bDoubleday & Co.,
_c1961.
300 _a276 pp ;
_c18 cm.
490 1 _aDolphin Books
650 9 _aScience fiction, English
650 9 _aSpace warfare
650 9 _aTime travel
650 9 _aDystopias
655 _aFiction
830 _aDolphin Books
040 _cBPK
041 0 _aeng
942 _cKS
008 s uk f |000 0 eng
999 _c48053
_d48053
856 _uhttp://koha.tu.koszalin.pl/cgi-bin/koha/opac-detail.pl?biblionumber=48053
_yKatalog online BPK